|
|
|
|
| LEADER |
00000cam a2200000 7i4500 |
| 001 |
0000187137 |
| 005 |
20140701.0 |
| 020 |
|
|
|a 978718194765
|
| 090 |
0 |
0 |
|a JF
|b ROS
|
| 100 |
1 |
|
|a Ross, Mandy
|
| 245 |
1 |
4 |
|a Sam and the Robots
|c written by by Mandy Ross
|
| 260 |
|
|
|a London :
|b Ladybird Books Ltd ,
|c 20--
|
| 300 |
|
|
|a 47p. :
|b ill. ;
|c 18cm.
|
| 490 |
0 |
|
|a Read it yourself with Ladybird Level 4
|
| 500 |
|
|
|a Play & Learn Library
|
| 650 |
0 |
0 |
|a Children's stories
|
| 700 |
1 |
|
|a Hunt, Lisa
|
| 999 |
|
|
|a 00298715
|b BUKU
|c JUNIOR REFERENCE
|e PERPUSTAKAAN KOMUNITI PETALING JAYA
|
| 999 |
|
|
|a 00298716
|b BUKU
|c JUNIOR REFERENCE
|e PERPUSTAKAAN KOMUNITI PETALING JAYA
|